Návrh siete LAN pre firmu = Design and implementation of a network for company : Bakalárska práca

Salvato in:
Dettagli Bibliografici
Autore principale: Liščik, Norbert (Autore)
Altri autori: Tanuška, Pavol, 1966- (xxx)
Natura: Manoscritto Libro
Lingua:slovacco
Pubblicazione: Trnava : STU v Bratislave MTF UIAM, 2007
Soggetti:
Tags: Aggiungi Tag
Nessun Tag, puoi essere il primo ad aggiungerne!!

MARC

LEADER 00000ntm a22000003a 4500
001 stu151981
005 20160719155717.2
008 071127s2007----xo------------------slo-d
040 |a STU  |b slo 
041 0 |a slo 
044 |a xo 
100 1 |a Liščik, Norbert  |4 aut 
245 1 |a Návrh siete LAN pre firmu = Design and implementation of a network for company :  |b Bakalárska práca 
260 |a Trnava :  |b STU v Bratislave MTF UIAM,  |c 2007 
300 |a 57 s  |c 1 CD-ROM 
500 |a Program: Aplikovaná informatika a automatizácia v priemysle 
650 7 |a počítačové siete  |2 stusub 
700 1 |a Tanuška, Pavol,  |d 1966-  |4 xxx  |u M6000  |U MTF Materiálovotechnologická fakulta  |T MTF Ústav aplikovanej informatiky, automatizácie a matematiky  |X 248  |U M6000  |Y 86  |7 A000000248 
996 |b 284M066920  |c M*BP-3046  |l MMSKP  |s P  |a 0  |w stu151981_0001